000 00627nam a2200229 i 4500
001 bg
100 1 _aHAY, Edward A.
245 0 _aPhysical geology :
_bprinciples and perspectives /
_cEdward A. Hay, A.Lee McAlester.
250 _a2nd ed.
260 _aEnglewood Cliffs :
_bPrentice-Hall,
_ccop.1984.
300 _aIX, 463 s. :
_bfot., rys. ;
_c24 cm.
504 _aBibliogr. przy rozdz.
650 9 _aGeologia
700 1 _aMcALESTER, A. Lee
020 _a0136695493
040 _cBPK
041 0 _aen
080 _a551.1/.4
920 _a0-13-669549-3
942 _cKS
008 s pl f |000 0 pol
999 _c30178
_d30178
856 _uhttp://koha.tu.koszalin.pl/cgi-bin/koha/opac-detail.pl?biblionumber=30178
_yKatalog online BPK